<?xml version="1.0" encoding="UTF-8"?>
<record
    xmlns:xsi="http://www.w3.org/2001/XMLSchema-instance"
    xsi:schemaLocation="http://www.loc.gov/MARC21/slim http://www.loc.gov/standards/marcxml/schema/MARC21slim.xsd"
    xmlns="http://www.loc.gov/MARC21/slim">

  <leader>00835nam a2200241Ia 4500</leader>
  <controlfield tag="003">IN-BaIIA</controlfield>
  <controlfield tag="008">211028s9999    xx            000 0 eng d</controlfield>
  <datafield tag="020" ind1=" " ind2=" ">
    <subfield code="a">1-4020-0449-4</subfield>
  </datafield>
  <datafield tag="040" ind1=" " ind2=" ">
    <subfield code="c">IIA Library</subfield>
  </datafield>
  <datafield tag="080" ind1=" " ind2=" ">
    <subfield code="a">082.2:52</subfield>
    <subfield code="b">IAU-S187</subfield>
  </datafield>
  <datafield tag="111" ind1=" " ind2=" ">
    <subfield code="a">International Astronomical Union Symposium</subfield>
    <subfield code="n">187th </subfield>
    <subfield code="c">Kyoto, Japan</subfield>
    <subfield code="d">1997 Aug. 26-30</subfield>
    <subfield code="9">26237</subfield>
  </datafield>
  <datafield tag="245" ind1=" " ind2="0">
    <subfield code="a">Cosmic chemical evolution</subfield>
    <subfield code="b">proceedings of the 187th IAU Symposium held in Kyoto, Japan, August 26-30, 1997</subfield>
    <subfield code="c">edited by K. Nomoto and K. W. Truran</subfield>
  </datafield>
  <datafield tag="260" ind1=" " ind2=" ">
    <subfield code="a">Dordrecht</subfield>
    <subfield code="b">Kluwer Academic</subfield>
    <subfield code="c">2002</subfield>
  </datafield>
  <datafield tag="300" ind1=" " ind2=" ">
    <subfield code="a">ix, 242p.</subfield>
  </datafield>
  <datafield tag="490" ind1=" " ind2=" ">
    <subfield code="a">IAU Symposium; no. 187</subfield>
  </datafield>
  <datafield tag="650" ind1=" " ind2=" ">
    <subfield code="a">Chemical Evolution</subfield>
    <subfield code="9">15336</subfield>
  </datafield>
  <datafield tag="650" ind1=" " ind2=" ">
    <subfield code="a">Galaxies</subfield>
    <subfield code="9">1286</subfield>
  </datafield>
  <datafield tag="650" ind1=" " ind2=" ">
    <subfield code="a">Nuleosynthesis</subfield>
    <subfield code="9">26238</subfield>
  </datafield>
  <datafield tag="650" ind1=" " ind2=" ">
    <subfield code="a">Stars</subfield>
  </datafield>
  <datafield tag="700" ind1=" " ind2=" ">
    <subfield code="a">Nomoto, K., ed.</subfield>
    <subfield code="9">16174</subfield>
  </datafield>
  <datafield tag="700" ind1=" " ind2=" ">
    <subfield code="a">Truran, K. W., ed.</subfield>
    <subfield code="9">26239</subfield>
  </datafield>
  <datafield tag="942" ind1=" " ind2=" ">
    <subfield code="c">BK</subfield>
  </datafield>
  <datafield tag="999" ind1=" " ind2=" ">
    <subfield code="c">14688</subfield>
    <subfield code="d">14688</subfield>
  </datafield>
  <datafield tag="952" ind1=" " ind2=" ">
    <subfield code="0">0</subfield>
    <subfield code="1">0</subfield>
    <subfield code="4">0</subfield>
    <subfield code="7">0</subfield>
    <subfield code="a">BAN</subfield>
    <subfield code="b">BAN</subfield>
    <subfield code="c">GEN</subfield>
    <subfield code="d">2002-06-28</subfield>
    <subfield code="g">1897.74</subfield>
    <subfield code="l">0</subfield>
    <subfield code="o">082.2:52/ IAU-S187</subfield>
    <subfield code="p">15610</subfield>
    <subfield code="r">2021-11-05</subfield>
    <subfield code="v">1897.74</subfield>
    <subfield code="w">2002-06-28</subfield>
    <subfield code="y">BK</subfield>
    <subfield code="G">Rs. 1897.74        </subfield>
  </datafield>
</record>
